| 000 | 00772nam a2200229 a 4500 | ||
|---|---|---|---|
| 001 | 0956 | ||
| 005 | 20140414132144.0 | ||
| 008 | 041008s19uu xx 00 eng d | ||
| 020 | _a0-590-15582-2 | ||
| 050 |
_aKIT (SER) 582.16 _bC16 1998 |
||
| 100 | _aCanizares, Susan | ||
| 245 |
_aEvergreens are green / _cSusan Canizares. |
||
| 260 |
_aNew York : _bScholastic Inc., _c1998. |
||
| 300 | _a1 v. (unp.) ; ill. | ||
| 440 | _aScience emergent readers | ||
| 500 | _a"Scholastic early childhood"--Includes index | ||
| 520 | _aPhotographs and simple text explore the contrast between evergreens and delicious trees through the four seasons. | ||
| 650 |
_aTrees _xJuvenile literature |
||
| 650 |
_aConifer _xJuvenile literature |
||
| 999 |
_c115407 _d115407 |
||